000 00626nam a2200205Ia 4500
001 5253
003 GE_BSU
008 181216s||||||||xx |||||||||||||| ||und||
040 _cGE_BSU
080 _a515.143
100 _aБаладзе, Д.О.
245 _aИсследования по теории гомологий (экстраординарные теории)
245 _cРед. В. Г. Болтянский
260 _aТбилиси
260 _bГанатлеба.
260 _c1984
300 _a208 с. 22см.
653 _aИсследования по теории гомологий
942 _cBK
999 _c38843
_d38843